00326nam a22001097a 4500082001600000100002000016245011100036260004200147300001200189563000700201650000800208 a347.73bHUD aHudson, Jessica aHayton, McFarlane, and Mitchell on Equity and TrustscJessica Hudson, Ben McFarlane and Charles Mitchell . aLondon:bThomson Reuters Logo,c2022. a943p. ; aPB aLaw